| 000 | 01175nam a2200301Ia 4500 | ||
|---|---|---|---|
| 001 | 3482 | ||
| 003 | IT-RoPAU | ||
| 008 | 130308s9999 xx 000 0 und d | ||
| 040 | _aIT-RoPAU | ||
| 040 | _cIT-RoPAU | ||
| 041 | _aITALIANO | ||
| 100 | _aLeonelli Leonello | ||
| 100 | _gCodice Aut. SPICS: 4696 | ||
| 245 | _aConvenzioni internazionali sul diritto d'autore e i diritti vicini (Le) | ||
| 245 | _bConvenzioni internazionali Sul Diritto d'autore e I Diritti vicini (Le) | ||
| 250 | _a1a ed. | ||
| 260 | _aMILANO | ||
| 260 | _bCarisch | ||
| 260 | _c1982 [1° Ed.:1982 - Ed.Ling.Originale:1982] | ||
| 300 | _a"360 p. (prefazione: no ; testo: 360)" | ||
| 500 | _aAggiornamento al 1[ Gennaio 1982 Caratteri degli Atti internazionali contenuti in Questa raccolta Unione di Berna Convenzione Universale Convenzione di Roma 1961 convenzioni di Ginevra e di Bruxelles 1971 1974 Accordi Europei di Parigi e di Strasburgo 1958 1960 Amministrazione delle convenzioni Atti internazionali varie Ratifiche delle Convenzioni | ||
| 650 | _aSAGGI DI DIRITTO | ||
| 650 | _eCodice materia Spics: 4602 | ||
| 942 | _cBK | ||
| 957 | _71 | ||
| 999 |
_c68307 _d68307 |
||
| 999 | _bSI | ||
| 999 | _g2 | ||